000 00456nam a2200181Ia 4500
005 20240823013311.0
008 240823s9999||||xx |||||||||||||| ||und||
041 _aENGLISH
082 _A604.2 P1
100 _aNataraajan K
245 2 _aA Text Book on Engineering Drawing and graphics
250 _a15th
260 _c2001
_b"Dhanalekshmi N ,Ch"
_aChennai
500 _aTRANSFERED
650 _aDrawing
_bMechanical
942 _cBK
999 _c166851
_d166851